| 000 | 01106nam a2200289Ia 4500 | ||
|---|---|---|---|
| 003 | OSt | ||
| 005 | 20221005110552.0 | ||
| 006 | a|||||r|||| 00| 0 | ||
| 007 | ta | ||
| 008 | 221004b |||||||| |||| 00| 0 bho d | ||
| 020 |
_a9789326351819 (hbk) _cIndian Rupees 540 |
||
| 024 | _a44131 | ||
| 037 |
_bGift, 06/06/2019, _cTextual |
||
| 040 |
_aCRL _cCRL _bbho |
||
| 041 |
_2bho _abho |
||
| 082 | _aO1522,1x, 152Q5 | ||
| 100 | _aमंडलोई, लीलाधर, ले. | ||
| 245 | 0 | _aकेदारनाथ सिंह संचयन | |
| 246 | _aKedāranāth sianha sanchayana | ||
| 260 |
_aनई दिल्ली _bभारतीय ज्ञानपीठ भारत _c2015 |
||
| 300 |
_a414पृ0 _ccm. |
||
| 490 | _aलोकोदय ग्रंथमाला; ग्रन्थांक 1235 | ||
| 650 | _a भोजपुरी साहित्य | ||
| 650 | _aभोजपुरी कविता | ||
| 942 |
_hO1522,1x, 152Q5 _cTEXL _2cc |
||
| 999 |
_c1019233 _d1019233 |
||